[Event "SR 1. liga zapad 2012/2013"]
[Site "?"]
[Date "2013.02.02"]
[Round "7.7"]
[White "Hecko, Dusan"]
[Black "Machalova, Erika"]
[Result "1-0"]
[WhiteElo "2073"]
[BlackElo "2073"]
[Annotator "Fritz 12 (20s)"]
[PlyCount "133"]
[EventDate "2012.??.??"]

{A26: English Opening vs King's Indian with ...Nc6 and d3} 1. c4 e5 2. Nc3 f5
3. d3 d6 4. g3 g6 5. Bg2 Bg7 6. Nf3 Nf6 7. O-O Nc6 8. Bd2 O-O 9. Rb1 h6 10. b4
{N} (10. e3 $15) 10... Be6 11. Nh4 $16 Qe8 12. b5 Nd8 13. f4 Kh7 14. e4 $18
fxe4 15. fxe5 Bg4 16. Qe1 Qxe5 17. Nxe4 Nd7 18. Rxf8 Nxf8 19. Bc3 (19. h3 $142
$5 Bd7 20. Nf3 $18) 19... Qe7 20. Bxg7 Qxg7 21. Qf2 Nd7 22. Re1 Be6 23. Nf3 (
23. Nxg6 Qxg6 24. Nxd6 $18) 23... Bg8 $2 (23... Nf7 $142 $5 $16) 24. Bh3 $18
Nf8 $2 (24... Ne5 25. Nxe5 dxe5 26. Nf6+ Kh8 $18) 25. Nd4 Kh8 26. Nf6 c5 27.
bxc6 $1 Nxc6 (27... bxc6 28. Ne8 $18) 28. Nxc6 bxc6 29. Ne8 Qc3 30. d4 (30.
Nxd6 $142 $5 {bolo jednoduchsie} Rd8 31. Ne4 Qg7 $18) 30... Nh7 31. Nxd6 Bxc4
32. Nxc4 Qxc4 $16 33. Qe3 Qf7 34. Qxh6 $18 Rf8 35. Rf1 Qg7 36. Rxf8+ Qxf8 37.
Qxg6 Qf3 38. Qe8+ (38. Bf5 $5 Qe3+ 39. Kg2 Ng5 40. Qf6+ Kg8 $18 41. Bc2) 38...
Kg7 39. Qe5+ Nf6 40. Bf1 Kg6 41. Be2 Qc3 42. Kg2 Qb2 43. Kf3 (43. Kh3 $142 Qxa2
44. Bd3+ Kf7 45. Qc7+ Kf8 46. Qxc6 Kg7 $18) 43... Qa3+ 44. Qe3 Qxa2 45. Bd3+
Kf7 46. Bf5 Qc4 $2 (46... Qd5+ $142 $5 47. Kf4 a5 $14) 47. g4 $18 a5 48. h4 (
48. Kg3 $5 Qd5 49. Bc2 Qd6+ 50. Qf4 $18) 48... Qf1+ $14 49. Qf2 Qh1+ $2 (49...
Qxf2+ $142 $5 50. Kxf2 a4 $14) 50. Kg3 Kg7 51. Qe3 Nd5 52. Qg5+ Kf8 53. Qh6+
Ke7 54. Qe6+ Kf8 55. Qd6+ Kg7 56. Qe5+ Kf8 57. h5 Qg1+ 58. Kh4 Qf2+ 59. Kg5
Qd2+ 60. Kg6 Ne7+ 61. Kh7 Nxf5 (61... Qg5 62. Be6 Qxe5 63. dxe5 c5 $18) 62.
Qxf5+ Ke7 63. Qe5+ Kd7 64. g5 a4 65. g6 a3 66. g7 Qc2+ 67. Kh8 1-0

[Event "SR 1. liga zapad 2012/2013"]
[Site "?"]
[Date "2013.02.03"]
[Round "7.8"]
[White "Balogh, Peter"]
[Black "Svonavec, Stefan"]
[Result "1-0"]
[WhiteElo "2002"]
[BlackElo "2010"]
[PlyCount "43"]
[EventDate "2012.??.??"]

1. e4 c5 2. Nf3 d6 3. d4 cxd4 4. Nxd4 Nf6 5. Nc3 a6 6. Bg5 e6 7. f4 h6 8. Bxf6
Qxf6 9. Qd2 Nc6 10. Nf3 Be7 11. O-O-O O-O 12. g4 g5 13. f5 Ne5 14. Nd4 b5 15.
Bg2 Nc4 16. Qf2 Qe5 17. Nc6 Qf6 18. e5 dxe5 19. Ne4 Qg7 20. Nxe7+ Kh7 21. h4
Rh8 22. Nxg5+ 1-0

[Event "SR 1. liga zapad 2012/2013"]
[Site "?"]
[Date "2013.02.23"]
[Round "8.1"]
[White "Banas, Jan"]
[Black "Dobrotka, Martin"]
[Result "1-0"]
[WhiteElo "2275"]
[BlackElo "2235"]
[PlyCount "58"]
[EventDate "2012.??.??"]

1. d4 d6 2. c4 e5 3. Nc3 Nc6 4. Nf3 Be7 5. d5 Nb8 6. h3 f5 7. e4 Na6 8. Bd3 f4
9. b4 Nf6 10. O-O O-O 11. Rb1 Qe8 12. c5 Qh5 13. c6 b6 14. a4 g5 15. Nh2 Qxd1
16. Rxd1 Kf7 17. Rd2 Rg8 18. Ra2 g4 19. hxg4 Nxg4 20. Nxg4 Rxg4 21. f3 Rg7 22.
a5 Rb8 23. axb6 Rxb6 24. Bxa6 Rxa6 25. Rxa6 Bxa6 26. Ra1 Bc8 27. Rxa7 Bh3 28.
Ra2 Bh4 29. Nb5 Bd8 {èas} 1-0

[Event "SR 1. liga zapad 2012/2013"]
[Site "?"]
[Date "2013.02.23"]
[Round "8.1"]
[White "Gazik, Igor"]
[Black "Vass, Frantisek"]
[Result "1/2-1/2"]
[WhiteElo "2314"]
[BlackElo "2292"]
[PlyCount "74"]
[EventDate "2012.??.??"]

1. Nf3 d5 2. b3 Nf6 3. Bb2 Nbd7 4. e3 e6 5. d4 c6 6. Bd3 a6 7. O-O Be7 8. Nbd2
b5 9. e4 dxe4 10. Nxe4 Bb7 11. c4 bxc4 12. bxc4 c5 13. Nxc5 Nxc5 14. dxc5 O-O
15. Rb1 Qc8 16. Qe2 Rd8 17. Rfd1 Qc6 18. Ba3 Ra7 19. Rb6 Qc7 20. Bc2 Rxd1+ 21.
Qxd1 Bxc5 22. Bxc5 Qxc5 23. Qd4 Qc7 24. Ne5 Ra8 25. Rd6 Qa5 26. h3 Rc8 27. Kh2
h6 28. f4 Qc7 29. Kh1 Qa5 30. Kh2 Qc7 31. Bd3 Qa5 32. c5 Bd5 33. Rxa6 Qxc5 34.
Qxc5 Rxc5 35. Rb6 g5 36. fxg5 hxg5 37. Nf3 Bxa2 1/2-1/2

[Event "SR 1. liga zapad 2012/2013"]
[Site "?"]
[Date "2013.02.23"]
[Round "8.1"]
[White "Gazikova, Veronika"]
[Black "Stetina, Erik"]
[Result "1-0"]
[WhiteElo "2018"]
[BlackElo "2037"]
[PlyCount "65"]
[EventDate "2012.??.??"]

1. e4 e5 2. Nf3 Nc6 3. Bc4 Be7 4. d4 d6 5. h3 Nf6 6. Nc3 O-O 7. Be3 a6 8. a4 b6
9. Qe2 Bb7 10. d5 Nb8 11. g4 Nbd7 12. Rg1 b5 13. axb5 axb5 14. Rxa8 Qxa8 15.
Bxb5 c6 16. dxc6 Bxc6 17. Bxc6 Qxc6 18. Qd3 Rb8 19. g5 Nh5 20. Nd5 Bd8 21. b3
Nc5 22. Bxc5 Qxc5 23. Nd2 Ra8 24. Ke2 Bb6 25. Qe3 Qb5+ 26. Qd3 Qd7 27. Nc4 Bc5
28. Qf3 Ra2 29. Qxh5 Rxc2+ 30. Kd1 Rxf2 31. Nf6+ Rxf6 32. gxf6 Bxg1 33. Qg5 1-0

[Event "SR 1. liga zapad 2012/2013"]
[Site "?"]
[Date "2013.02.23"]
[Round "8.1"]
[White "Kaniansky, Miroslav"]
[Black "Drtina, Milan"]
[Result "1-0"]
[WhiteElo "2209"]
[BlackElo "2202"]
[PlyCount "73"]
[EventDate "2012.??.??"]

1. d4 Nf6 2. Nf3 g6 3. c4 Bg7 4. Nc3 O-O 5. e4 d6 6. Be2 c6 7. O-O Bg4 8. Be3
Nbd7 9. Nd2 Bxe2 10. Qxe2 e5 11. d5 c5 12. a3 Nh5 13. g3 h6 14. Rab1 Qe7 15.
Rfc1 Kh7 16. b4 b6 17. bxc5 Nxc5 18. Bxc5 bxc5 19. Rc2 Rfb8 20. Rcb2 Qd8 21.
Qd1 Rxb2 22. Rxb2 Qd7 23. Kg2 Rf8 24. h3 f5 25. exf5 Rxf5 26. Nde4 Rf7 27. Qg4
Rf5 28. Qd1 Rf7 29. Rb8 Bf8 30. Qg4 Qc7 31. Qc8 Qa5 32. Qe6 Kg7 33. Rb3 Qd8 34.
Nb5 Rd7 35. Rf3 a6 36. Rxf8 Kxf8 37. Nbxd6 1-0

[Event "SR 1. liga zapad 2012/2013"]
[Site "?"]
[Date "2013.02.23"]
[Round "8.1"]
[White "Lakatos, Vladimir"]
[Black "Doucha, Ludvik"]
[Result "0-1"]
[WhiteElo "2155"]
[BlackElo "2072"]
[PlyCount "200"]
[EventDate "2012.??.??"]

1. c4 Nf6 2. Nc3 c5 3. g3 g6 4. Bg2 Bg7 5. e3 O-O 6. d4 cxd4 7. exd4 d6 8. Nge2
Nc6 9. O-O Bd7 10. b3 Rc8 11. h3 a6 12. Be3 Na5 13. Qd3 Qe8 14. d5 b5 15. cxb5
axb5 16. Bb6 Ra8 17. Rac1 Qb8 18. Be3 Rc8 19. Rfe1 b4 20. Nb1 Qb7 21. g4 Bb5
22. Qd2 Bxe2 23. Rxc8+ Rxc8 24. Rxe2 Qb5 25. Re1 Nb7 26. Bg5 Rc7 27. Rc1 Rxc1+
28. Qxc1 Nc5 29. Qe3 Kf8 30. Nd2 Qa5 31. Qd4 h6 32. Nc4 Qxa2 33. Nxd6 Ncd7 34.
Qc4 exd6 35. Bxf6 Nxf6 36. Qxb4 Qa1+ 37. Bf1 Qd1 38. Qxd6+ Kg8 39. Qb8+ Bf8 40.
Qd8 Nxd5 41. b4 Ne3 42. Qxd1 Nxd1 43. b5 Bc5 44. Kg2 Nxf2 45. Kf3 Kf8 46. h4 g5
47. hxg5 hxg5 48. Bc4 Ke7 49. Bb3 f6 50. Bc2 Kd6 51. Bg6 Bd4 52. Bf5 Kc5 53.
Bd7 Kb6 54. Be8 Kc5 55. Bd7 Kc4 56. Be8 Nd1 57. Bf7+ Kxb5 58. Ke4 Kc5 59. Be6
Nc3+ 60. Kf3 Kd6 61. Bc8 Ke5 62. Bd7 Ne4 63. Bf5 Nd6 64. Bb1 Bb2 65. Bh7 Bc1
66. Bb1 f5 67. gxf5 Nxf5 68. Kg4 Nh6+ 69. Kf3 g4+ 70. Kg3 Bf4+ 71. Kg2 Nf5 72.
Bd3 Nh4+ 73. Kg1 Be3+ 74. Kh1 Kf4 75. Bb5 Kf3 76. Bd7 g3 77. Bc6+ Kf2 78. Bg2
Bd4 79. Bb7 g2+ 80. Bxg2 Nxg2 81. Kh2 Kf3 82. Kh3 Bf2 83. Kh2 Nh4 84. Kh3 Nf5
85. Kh2 Ng3 86. Kh3 Bg1 87. Kh4 Ne4 88. Kh3 Ng5+ 89. Kh4 Kf4 90. Kh5 Kf5 91.
Kh4 Bf2+ 92. Kh5 Bg3 93. Kh6 Ne6 94. Kh5 Ng7+ 95. Kh6 Kf6 96. Kh7 Kf7 97. Kh6
Bf4+ 98. Kh7 Bg5 99. Kh8 Ne6 100. Kh7 Nf8+ 0-1

[Event "SR 1. liga zapad 2012/2013"]
[Site "?"]
[Date "2013.02.23"]
[Round "8.1"]
[White "Likavsky, Tomas"]
[Black "Michalik, Peter"]
[Result "0-1"]
[WhiteElo "2449"]
[BlackElo "2508"]
[PlyCount "56"]
[EventDate "2012.??.??"]

1. d4 Nf6 2. c4 e6 3. g3 c5 4. d5 exd5 5. cxd5 d6 6. Nc3 g6 7. Bg2 Bg7 8. Nf3
O-O 9. O-O Re8 10. Nd2 a6 11. a4 Nbd7 12. Qc2 Rb8 13. a5 b5 14. axb6 Nxb6 15.
e4 a5 16. h3 Ba6 17. Rd1 Nc4 18. Nf1 Qb6 19. Ra2 Nd7 20. Na4 Qb4 21. Nd2 Nde5
22. Nb1 Qb3 23. Qxb3 Rxb3 24. Nbc3 Reb8 25. f4 Nd3 26. Rxd3 Nxb2 27. Rf3 Nxa4
28. Nxa4 Rxf3 0-1

[Event "SR 1. liga zapad 2012/2013"]
[Site "?"]
[Date "2013.02.23"]
[Round "8.1"]
[White "Liptak, Dusan"]
[Black "Pinter, Patrik"]
[Result "1-0"]
[WhiteElo "2060"]
[BlackElo "2164"]
[PlyCount "91"]
[EventDate "2012.??.??"]

1. Nf3 g6 2. c4 Bg7 3. d4 Nf6 4. Nc3 O-O 5. e4 d6 6. Be2 Nbd7 7. O-O e5 8. d5
Nc5 9. Qc2 a5 10. Be3 Ne8 11. Nd2 f5 12. f3 f4 13. Bf2 g5 14. a3 Rf7 15. b4 Nd7
16. c5 Bf8 17. Nc4 Rg7 18. cxd6 cxd6 19. bxa5 h5 20. Na4 g4 21. Be1 Ndf6 22.
Ncb6 Rb8 23. Rc1 gxf3 24. Bxf3 Bg4 25. Bh4 Be7 26. Qd3 Nh7 27. Bxe7 Qxe7 28.
Kh1 Qh4 29. Qe2 Nef6 30. Qf2 Qg5 31. Rc4 h4 32. Rg1 Nh5 33. h3 Ng3+ 34. Kh2 Bh5
35. Nc3 Qd8 36. Nb5 Be8 37. Rgc1 Bxb5 38. Rc8 Ng5 39. Rxd8+ Rxd8 40. a4 Ba6 41.
Nc8 Kh8 42. Qb6 Nxf3+ 43. gxf3 Rdd7 44. Nxd6 Rg6 45. Nf7+ Kh7 46. Qxg6+ 1-0

[Event "SR 1. liga zapad 2012/2013"]
[Site "?"]
[Date "2013.02.23"]
[Round "8.1"]
[White "Nicolini, Alexander"]
[Black "Hanko, Pavol"]
[Result "1-0"]
[WhiteElo "2134"]
[BlackElo "2157"]
[PlyCount "89"]
[EventDate "2012.??.??"]

1. e4 c5 2. Nf3 e6 3. c3 Nf6 4. e5 Nd5 5. d4 cxd4 6. cxd4 Nc6 7. Nc3 Nxc3 8.
bxc3 d6 9. exd6 Bxd6 10. Bd3 Qa5 11. Bd2 Qh5 12. O-O O-O 13. Re1 Bd7 14. Re4 f5
15. Rh4 Qg6 16. Bf4 Bxf4 17. Rxf4 Qf6 18. h4 e5 19. dxe5 Nxe5 20. Nxe5 Qxe5 21.
Rd4 Bc6 22. Qd2 Kh8 23. Re1 Qc5 24. Bc2 h6 25. Rd6 Be8 26. Rxh6+ Kg8 27. Rhe6
Rc8 28. Bb3 Bf7 29. Re7 Rc7 30. Rxc7 Qxc7 31. Qd4 f4 32. Re5 Bxb3 33. axb3 Kh8
34. Rh5+ Kg8 35. Rg5 b6 36. h5 Qe7 37. Rg4 Qf6 38. Qc4+ Kh8 39. Rg6 Qf5 40. Qd4
Rf7 41. Rxg7 Rxg7 42. h6 Qg6 43. Qxg7+ Qxg7 44. hxg7+ Kxg7 45. Kf1 1-0

[Event "SR 1. liga zapad 2012/2013"]
[Site "?"]
[Date "2013.02.23"]
[Round "8.2"]
[White "Federic, Jozef"]
[Black "Chlpik, Martin"]
[Result "0-1"]
[WhiteElo "2299"]
[BlackElo "2099"]
[PlyCount "54"]
[EventDate "2012.??.??"]

1. d4 Nf6 2. c4 c5 3. d5 e6 4. Nc3 exd5 5. cxd5 Bd6 6. Nf3 O-O 7. e3 Bc7 8. Be2
d6 9. O-O a6 10. a4 Re8 11. Qc2 Nbd7 12. b3 Rb8 13. Rd1 Nf8 14. Bb2 Bd7 15. h3
b5 16. axb5 axb5 17. Bf1 Ng6 18. g4 h5 19. gxh5 Nxh5 20. Nb1 Nh4 21. Qe2 Nf4
22. exf4 Rxe2 23. Bxe2 Qe7 24. Nxh4 Qxe2 25. Nd2 Ba5 26. Nhf3 Bxd2 27. Nxd2
Bxh3 0-1

[Event "SR 1. liga zapad 2012/2013"]
[Site "?"]
[Date "2013.02.23"]
[Round "8.2"]
[White "Foldesi, Marek"]
[Black "Bednar, Jan"]
[Result "1/2-1/2"]
[WhiteElo "2070"]
[BlackElo "2143"]
[PlyCount "89"]
[EventDate "2012.??.??"]

1. d4 Nf6 2. Nf3 g6 3. g3 Bg7 4. Bg2 O-O 5. O-O d6 6. c4 c5 7. Nc3 Nc6 8. e4
cxd4 9. Nxd4 Nxe4 10. Nxc6 Nxc3 11. Nxd8 Nxd1 12. Nxb7 Nxb2 13. Nxd6 Rb8 14.
Nxc8 Rfxc8 15. Rb1 Nxc4 16. Bf4 Be5 17. Bg5 e6 18. Rfc1 Rxb1 19. Rxb1 f6 20.
Bc1 Nb6 21. Be3 Rc2 22. Bxb6 axb6 23. Rxb6 Bd4 24. Rxe6 Rxf2 25. Kh1 Rxa2 26.
Bd5 Ra1+ 27. Re1+ Kg7 28. Rxa1 Bxa1 29. Kg2 h5 30. h4 f5 31. Kf3 Kf6 32. Bc6
Bc3 33. Bd7 Ke7 34. Bb5 Be1 35. Bd3 Kf6 36. Bb5 Bd2 37. Be8 Bh6 38. Bc6 Bc1 39.
Be8 Bd2 40. Bb5 f4 41. gxf4 Be1 42. Bd3 Bxh4 43. Bb1 Be1 44. Bc2 Ba5 45. Bb1
1/2-1/2

[Event "SR 1. liga zapad 2012/2013"]
[Site "?"]
[Date "2013.02.23"]
[Round "8.2"]
[White "Machalova, Erika"]
[Black "Geffert, Peter"]
[Result "1/2-1/2"]
[WhiteElo "2073"]
[BlackElo "1942"]
[PlyCount "134"]
[EventDate "2012.??.??"]

1. d4 d5 2. c4 e6 3. Nc3 Nf6 4. Bg5 Be7 5. e3 O-O 6. Nf3 Nbd7 7. Qc2 c5 8. Rd1
cxd4 9. Nxd4 b6 10. cxd5 exd5 11. Nc6 Qe8 12. Nxe7+ Qxe7 13. Nxd5 Qc5 14. Qxc5
bxc5 15. Bxf6 Nxf6 16. Nxf6+ gxf6 17. Bc4 Rb8 18. b3 Be6 19. Rc1 Rfc8 20. Ke2
Rb4 21. Rhd1 a5 22. Bxe6 fxe6 23. Rd6 Kf7 24. Ra6 c4 25. Ra7+ Kg6 26. Rxc4
Rcxc4 27. bxc4 Rb2+ 28. Kf3 Rxa2 29. c5 a4 30. c6 Rc2 31. Rxa4 Rxc6 32. Ra7 Rb6
33. Ra5 Rc6 34. g4 h6 35. Kg3 Rc3 36. h4 Rc7 37. Ra6 Kf7 38. f4 Rb7 39. Kf3 Ke7
40. g5 fxg5 41. fxg5 hxg5 42. hxg5 Kf7 43. Kg4 Rb1 44. e4 Re1 45. Kf4 Rf1+ 46.
Ke5 Re1 47. g6+ Kxg6 48. Rxe6+ Kf7 49. Rb6 Ke7 50. Rb7+ Ke8 51. Kd5 Kd8 52. e5
Rd1+ 53. Ke6 Re1 54. Rb5 Rf1 55. Rd5+ Ke8 56. Ra5 Kf8 57. Ra8+ Kg7 58. Rd8 Re1
59. Rd4 Kf8 60. Rd7 Ke8 61. Rh7 Kf8 62. Rh8+ Kg7 63. Rb8 Re2 64. Rb5 Kf8 65.
Kd6 Rd2+ 66. Rd5 Rxd5+ 67. Kxd5 Ke7 1/2-1/2

[Event "SR 1. liga zapad 2012/2013"]
[Site "?"]
[Date "2013.02.23"]
[Round "8.2"]
[White "Machalova, Maria"]
[Black "Hudoba, Ondrej"]
[Result "0-1"]
[WhiteElo "2105"]
[BlackElo "2140"]
[PlyCount "118"]
[EventDate "2012.??.??"]

1. c4 e5 2. Nc3 Nf6 3. g3 Nc6 4. Bg2 Bc5 5. e3 d5 6. cxd5 Nb4 7. d4 exd4 8.
exd4 Be7 9. d6 Qxd6 10. Nge2 c6 11. O-O Bf5 12. a3 Nbd5 13. b4 O-O 14. b5 cxb5
15. Nxb5 Qb6 16. a4 Rac8 17. Nf4 Rfd8 18. Qe2 Bb4 19. Qe5 Nxf4 20. Bxf4 Bd3 21.
Rfd1 Bc2 22. Rdc1 a6 23. Qe2 Re8 24. Be3 Bg6 25. Rxc8 Rxc8 26. d5 Qa5 27. Na7
Rc2 28. Qd1 Bc5 29. d6 Bxe3 30. fxe3 Qc3 31. Qd4 Rc1+ 32. Rxc1 Qxc1+ 33. Bf1
Bf5 34. Qf4 Bd7 35. h4 Ng4 36. a5 Qxe3+ 37. Qxe3 Nxe3 38. Bd3 Nf5 39. Bxf5 Bxf5
40. Kf2 Kf8 41. Ke3 Ke8 42. Kd4 Kd7 43. Kc5 h5 44. Kd5 f6 45. Kc5 Be4 46. Kd4
Bf3 47. Kc5 g5 48. Kd4 Kxd6 49. Nc8+ Ke6 50. Nb6 Kf5 51. Ke3 Bc6 52. hxg5 fxg5
53. Kf2 Ke4 54. Nc4 Kd4 55. Nd6 Bd5 56. Nf5+ Kc5 57. Ng7 Bf7 58. Nf5 Kb4 59.
Nd4 Bd5 0-1

[Event "SR 1. liga zapad 2012/2013"]
[Site "?"]
[Date "2013.02.23"]
[Round "8.2"]
[White "Maslik, Miroslav"]
[Black "Zatko, Gregor"]
[Result "1-0"]
[WhiteElo "2376"]
[BlackElo "2148"]
[PlyCount "80"]
[EventDate "2012.??.??"]

1. e4 g6 2. d4 Bg7 3. Nc3 a6 4. f4 d6 5. Nf3 Nd7 6. Be3 e6 7. Bd3 Ne7 8. O-O b5
9. f5 exf5 10. exf5 Nf6 11. fxg6 fxg6 12. Qd2 O-O 13. Bh6 c6 14. Bxg7 Kxg7 15.
Rae1 Ra7 16. Ng5 h6 17. Ne6+ Bxe6 18. Rxe6 Rd7 19. Rf3 c5 20. dxc5 dxc5 21. Qf2
Rd6 22. Qe3 Rxe6 23. Qxe6 Qd7 24. Re3 Nc6 25. Qxd7+ Nxd7 26. Re6 Rf6 27. Re8
Nb4 28. Be4 Kf7 29. Rc8 Rd6 30. a3 Nf6 31. Rc7+ Ke6 32. Bxg6 Nc6 33. Be4 b4 34.
Bxc6 bxc3 35. bxc3 Rd2 36. Bf3 Rxc2 37. Rxc5 a5 38. a4 h5 39. h4 Ng4 40. Bxg4+
hxg4 1-0

[Event "SR 1. liga zapad 2012/2013"]
[Site "?"]
[Date "2013.02.23"]
[Round "8.2"]
[White "Nikel, Rastislav"]
[Black "Machalova, Veronika"]
[Result "0-1"]
[WhiteElo "2073"]
[BlackElo "2211"]
[PlyCount "86"]
[EventDate "2012.??.??"]

1. e4 c5 2. Nf3 d6 3. d4 cxd4 4. Nxd4 Nf6 5. Nc3 a6 6. Bg5 e6 7. Qd2 Nc6 8.
O-O-O Bd7 9. f3 b5 10. Nxc6 Bxc6 11. Bd3 Be7 12. h4 h6 13. Be3 d5 14. exd5 Bxd5
15. Kb1 Bb4 16. Bd4 Bxa2+ 17. Kxa2 Qxd4 18. Be4 Qxd2 19. Rxd2 Nxe4 20. fxe4
Bxc3 21. bxc3 Ke7 22. Kb3 Rhd8 23. Rf2 Rac8 24. Rhf1 f6 25. Ra1 Rd6 26. Rf3 Rc4
27. Re1 a5 28. Rg3 a4+ 29. Ka3 Kf7 30. Kb2 Rd2 31. Ree3 b4 32. cxb4 Rcxc2+ 33.
Kb1 Rb2+ 34. Kc1 Rdc2+ 35. Kd1 Rf2 36. Ke1 Rfc2 37. Kd1 Rc7 38. e5 Rxb4 39.
exf6 gxf6 40. h5 Rc5 41. Rd3 Rd5 42. Rxd5 exd5 43. Kc2 Ke6 0-1

[Event "SR 1. liga zapad 2012/2013"]
[Site "?"]
[Date "2013.02.23"]
[Round "8.2"]
[White "Svonavec, Stefan"]
[Black "Helbich, Branislav"]
[Result "0-1"]
[WhiteElo "2010"]
[BlackElo "2036"]
[PlyCount "108"]
[EventDate "2012.??.??"]

1. d4 d5 2. Nf3 Bf5 3. Bf4 e6 4. Nbd2 Nf6 5. h3 Bd6 6. Bxd6 Qxd6 7. c3 Nbd7 8.
e3 O-O 9. Be2 Rfe8 10. O-O Qb6 11. Nb3 a5 12. a4 e5 13. Re1 c6 14. Nxe5 Nxe5
15. dxe5 Rxe5 16. Qd4 Qc7 17. Qf4 Qe7 18. Nd4 Bg6 19. Red1 Re8 20. Bf3 Nd7 21.
h4 Be4 22. Be2 h6 23. Nf3 Rf5 24. Qh2 Nc5 25. Nd4 Rf6 26. b4 axb4 27. cxb4 Ne6
28. Nxe6 fxe6 29. b5 Ref8 30. f3 Qc5 31. Kf2 Qc2 32. Qg3 Qb2 33. Kf1 Rg6 34.
Qh3 Bf5 35. Qh2 Qc3 36. Qg1 Bc2 37. Rdc1 Qb2 38. bxc6 bxc6 39. a5 e5 40. a6 d4
41. Qf2 d3 42. Bd1 Rd6 43. Qd2 Qb5 44. a7 Rdd8 45. Kf2 Qb2 46. Kg3 e4 47. Bxc2
exf3 48. gxf3 dxc2 49. Qxc2 Qe5+ 50. Kg2 Qxe3 51. Qc4+ Kh8 52. Rf1 Rd2+ 53. Kh1
Qe5 54. f4 Qe3 0-1

[Event "SR 1. liga zapad 2012/2013"]
[Site "?"]
[Date "2013.02.23"]
[Round "8.2"]
[White "Szucs, Vladimir"]
[Black "Rohacek, Miroslav"]
[Result "1/2-1/2"]
[WhiteElo "2235"]
[BlackElo "2308"]
[PlyCount "31"]
[EventDate "2012.??.??"]

1. d4 d5 2. c4 c6 3. cxd5 cxd5 4. Nf3 Nf6 5. Nc3 Nc6 6. Bf4 Qb6 7. a3 Bf5 8.
Na4 Qa5+ 9. b4 Qd8 10. e3 e6 11. Bb5 Nd7 12. O-O Be7 13. Rc1 Rc8 14. Bxc6 Rxc6
15. Rxc6 bxc6 16. Qb3 1/2-1/2

[Event "SR 1. liga zapad 2012/2013"]
[Site "?"]
[Date "2013.02.23"]
[Round "8.3"]
[White "Capak, Stefan"]
[Black "Hajtmanek, Stanislav"]
[Result "1/2-1/2"]
[WhiteElo "2040"]
[BlackElo "1764"]
[PlyCount "20"]
[EventDate "2012.??.??"]

1. d4 d5 2. c4 Bf5 3. Nc3 e6 4. cxd5 exd5 5. Qb3 Nc6 6. Be3 Nf6 7. Nf3 Bd6 8.
Bg5 Na5 9. Qa4+ c6 10. e3 Qb6 1/2-1/2

[Event "SR 1. liga zapad 2012/2013"]
[Site "?"]
[Date "2013.02.23"]
[Round "8.3"]
[White "Jakubek, Peter"]
[Black "Kimerling, Martin"]
[Result "1-0"]
[WhiteElo "2136"]
[BlackElo "2027"]
[PlyCount "103"]
[EventDate "2012.??.??"]

1. d4 Nf6 2. Bg5 e6 3. Nd2 c5 4. e3 Nc6 5. Ngf3 d5 6. c3 Bd6 7. Bd3 h6 8. Bh4
O-O 9. O-O e5 10. dxe5 Nxe5 11. Nxe5 Bxe5 12. f4 Bd6 13. e4 Be7 14. e5 Ng4 15.
Bxe7 Qxe7 16. Qe2 c4 17. Bb1 Qc5+ 18. Kh1 Ne3 19. Re1 Nf5 20. Nf3 Re8 21. g4
Ne7 22. Nd4 Nc6 23. Nf5 Bxf5 24. gxf5 f6 25. Qg4 Qf8 26. Rg1 fxe5 27. Qg6 e4
28. Qxh6 Rad8 29. f6 Rd7 30. Bc2 Re6 31. Qh3 Qxf6 32. Rg5 Ree7 33. Rag1 Rf7 34.
Rh5 Kf8 35. f5 Ne5 36. Bd1 Ke7 37. Qe3 b6 38. Rhg5 Kd8 39. Ba4 Rd6 40. Qf4 b5
41. Bd1 Rb6 42. Bh5 Rd7 43. Qg3 Rbb7 44. Qe3 b4 45. Bd1 bxc3 46. bxc3 Nd3 47.
Ba4 Rb2 48. Rf1 Rdb7 49. Rg6 Qe5 50. Qh3 Rb8 51. f6 Nc5 52. fxg7 1-0

[Event "SR 1. liga zapad 2012/2013"]
[Site "?"]
[Date "2013.02.23"]
[Round "8.3"]
[White "Janos, Ivan"]
[Black "Vojtek, Vladimir"]
[Result "0-1"]
[WhiteElo "2145"]
[BlackElo "2283"]
[PlyCount "42"]
[EventDate "2012.??.??"]

1. e4 c5 2. Nf3 d6 3. d4 cxd4 4. Nxd4 Nf6 5. Nc3 a6 6. f3 e5 7. Nb3 Be6 8. Be3
Be7 9. Qd2 O-O 10. O-O-O a5 11. Qf2 a4 12. Nc5 a3 13. b3 Qa5 14. Nxe6 Qxc3 15.
Nxf8 Nc6 16. Rd3 Qa1+ 17. Kd2 Nb4 18. Rg1 Rc8 19. c4 d5 20. exd5 e4 21. Rc3
Qb2+ 0-1

[Event "SR 1. liga zapad 2012/2013"]
[Site "?"]
[Date "2013.02.23"]
[Round "8.3"]
[White "Michal, Silvio"]
[Black "Kvassay, Peter"]
[Result "1-0"]
[WhiteElo "2105"]
[BlackElo "2028"]
[PlyCount "101"]
[EventDate "2012.??.??"]

1. d4 Nf6 2. c4 e6 3. Nf3 d5 4. Bg5 h6 5. Bxf6 Qxf6 6. e3 Nd7 7. Nbd2 c6 8. Rc1
g6 9. Bd3 Bg7 10. b4 O-O 11. Qb3 e5 12. cxd5 exd4 13. Nxd4 Qg5 14. N2f3 Qxd5
15. Qxd5 cxd5 16. O-O Ne5 17. Be2 Nxf3+ 18. Bxf3 Be6 19. Rc7 Bxd4 20. exd4 Rab8
21. Rfc1 Kg7 22. R1c5 Kf6 23. Kf1 Rfd8 24. Ra5 a6 25. Rac5 h5 26. Ke1 Rd6 27.
Kd2 h4 28. h3 Rb6 29. a3 Rd6 30. Kc1 Kg5 31. a4 Kf6 32. a5 b6 33. R5c6 Rxc6+
34. Rxc6 bxa5 35. bxa5 Rb4 36. Bxd5 Rxd4 37. Bxe6 fxe6 38. Rxa6 Rf4 39. f3 Ra4
40. Ra8 Ra2 41. a6 Kg5 42. a7 e5 43. Kb1 Ra6 44. Kc2 Kf4 45. Rf8+ Kg3 46. a8=Q
Rxa8 47. Rxa8 Kxg2 48. Rg8 Kxh3 49. Rxg6 Kh2 50. Kd3 h3 51. Ke4 1-0

[Event "SR 1. liga zapad 2012/2013"]
[Site "?"]
[Date "2013.02.23"]
[Round "8.3"]
[White "Pekar, Jozef"]
[Black "Gombar, Peter"]
[Result "1/2-1/2"]
[WhiteElo "1923"]
[BlackElo "1983"]
[PlyCount "93"]
[EventDate "2012.??.??"]

1. e4 e5 2. Nf3 Nc6 3. Bb5 a6 4. Ba4 Nf6 5. O-O Be7 6. Re1 b5 7. Bb3 d6 8. c3
O-O 9. h3 Na5 10. Bc2 c5 11. d4 Qc7 12. Nbd2 cxd4 13. cxd4 Nc6 14. Nf1 Bb7 15.
d5 Nb4 16. Bb3 a5 17. a4 Ba6 18. Ng3 g6 19. Bh6 Rfc8 20. Rc1 Qb7 21. Qd2 Rxc1
22. Rxc1 Rc8 23. Rxc8+ Qxc8 24. Ne1 bxa4 25. Bxa4 Qc4 26. b3 Qc7 27. f3 Nd7 28.
Bxd7 Qxd7 29. Nc2 Nxc2 30. Qxc2 Qc8 31. Qd2 Bd8 32. Kh2 Bb6 33. Nf5 Qd8 34. Qe1
Bc8 35. Ne3 Bxe3 36. Qxe3 f6 37. Qa7 Qd7 38. Be3 Qxa7 39. Bxa7 Kf7 40. Bb6 f5
41. Bxa5 Ba6 42. Kg3 Bd3 43. exf5 gxf5 44. Kf2 Bc2 45. b4 Bb3 46. g3 Bxd5 47.
Ke3 1/2-1/2

[Event "SR 1. liga zapad 2012/2013"]
[Site "?"]
[Date "2013.02.23"]
[Round "8.3"]
[White "Skrabakova, Katarina"]
[Black "Srna, Jan"]
[Result "1/2-1/2"]
[WhiteElo "1991"]
[BlackElo "1984"]
[PlyCount "70"]
[EventDate "2012.??.??"]

1. e4 e6 2. d4 d5 3. exd5 exd5 4. Bd3 Bd6 5. Nc3 Ne7 6. Nge2 Bg4 7. f3 Bh5 8.
Bg5 f6 9. Be3 Nbc6 10. Qd2 Qd7 11. O-O-O O-O-O 12. Bf4 g5 13. Bxd6 Qxd6 14. h4
h6 15. hxg5 hxg5 16. Nb5 Qd7 17. Rh2 Bg6 18. Rdh1 Rxh2 19. Rxh2 Bxd3 20. Qxd3
a6 21. Nbc3 Nf5 22. g4 Nh4 23. Rh1 Re8 24. a3 Qd6 25. f4 Na5 26. fxg5 fxg5 27.
Qg3 Qe6 28. b3 Nc6 29. Rf1 b6 30. Kb2 Kb7 31. Rf2 Qd7 32. Qg1 Rd8 33. Rf6 Qe7
34. Qf2 Qd7 35. Qg3 Qe7 1/2-1/2

[Event "SR 1. liga zapad 2012/2013"]
[Site "?"]
[Date "2013.02.23"]
[Round "8.3"]
[White "Tibensky, Robert"]
[Black "Motuz, Karol"]
[Result "1/2-1/2"]
[WhiteElo "2396"]
[BlackElo "2397"]
[PlyCount "82"]
[EventDate "2012.??.??"]

1. d4 f5 2. Nf3 Nf6 3. g3 e6 4. Bg2 d5 5. O-O Bd6 6. c4 c6 7. Bf4 Bxf4 8. gxf4
O-O 9. Qc2 Nbd7 10. cxd5 exd5 11. Nbd2 Ne4 12. e3 Qe7 13. Ne1 Rf6 14. f3 Nxd2
15. Qxd2 b6 16. Rf2 Ba6 17. Nc2 Re8 18. Bf1 Bxf1 19. Raxf1 Nf8 20. Kh1 Ng6 21.
Re1 Re6 22. Rff1 a5 23. a4 Nh4 24. Qf2 Rg6 25. Rg1 Rxg1+ 26. Rxg1 b5 27. Rg5 h6
28. Rh5 bxa4 29. Rxh4 Rb8 30. Rh3 Rxb2 31. Rg3 a3 32. Rg1 a2 33. Qd2 Qb7 34.
Qd3 Rb1 35. Qxf5 Rxg1+ 36. Kxg1 Qb1+ 37. Kg2 Qxc2+ 38. Qxc2 a1=Q 39. Qxc6 Qa2+
40. Kg3 a4 41. f5 Qc4 1/2-1/2